LEADER 01794nam a2200325 u 4500 001 000000060500 003 CaOOAMICUS 005 20070226120923.0 008 010724s2001 it abf u000 u ita u 020 $a88-343-0052-1 035 $a10898420 040 $aEFR$bita$dPUL(R) 245 00$aMediterraneo medievale :$bcristiani, musulmani ed eretici tra Europa e Oltremare (secoli IX-XIII) /$ca cura di Marco Meschini. 260 $aMilano :$bVita e pensiero,$c2001. 300 $axiii-170 p.-[14] p. de pl. :$bill., cartes ;$c22 cm 490 1 $aScienze storiche ;$v74 500 $aCommunications présentées à Rho au cours de la journée d'étude "Dalla prima crociata alla storia delle crociate: i fatti, gli uomini, i testi" du 25 octobre 1999 tenue à l'occasion du XIIe centenaire de la Ière Croisade (p. viii) 504 $aBibliographie en note. 650 0$aCrusades$xCongresses.$2//eng$0(OLS)http://pul/subject/23307 650 0$aChristianity and other religions$xIslam$xCongresses.$2//eng$0(OLS)http://pul/subject/23308 650 0$aHeresy$yMiddle Ages, 600-1500$xCongresses.$2//eng$0(OLS)http://pul/subject/23309 700 1 $aMeschini, Marco,$d1972-$0(OLS)http://pul/name/41370 830 0$aScienze storiche (Vita e pensiero) ;$v74.$0(OLS)http://pul/title/2234 850 $aPUL 852 $aPUL$W1$xDP1 Cons. Gen., Altre Classi 1$y22$m388 M 74$j78887$nBK-PRI$b $qStampati$B78887$CPULBib$Z2$F78887 $H $81 941 1 $a8 961 $aINV: 86004 996 $6020$a88-343-0052-1$9(OLS)http://pul/number/78020 996 $6245$aMediterraneo medievale :$bcristiani, musulmani ed eretici tra Europa e Oltremare (secoli IX-XIII)$9(OLS)http://pul/title/80862 996 $6260$aMilano :$bVita e pensiero$9(OLS)http://pul/publisher/48016 LEADER 01854nam a2200361 u 4500 001 000000011216 003 CaOOAMICUS 005 20121121114709.0 008 941124s1965 it f u000 u ita u 035 $a10275929 040 $aPUL$bita 041 1 $aita$hfre 100 1 $aForest, Aimé,$d1898-1983.$0(OLS)http://pul/name/10840 240 10$aMouvement doctrinal du IXe au XIVe siècle.$lItaliano.$0(OLS)http://pul/title/16281 245 13$aIl movimento dottrinale nei secoli IX-XIV /$cA. Forest, F. Van Steenberghen e M. de Gandillac ; edizione italiana a cura di Servus Gieben e Corrado da Alatri. 260 $aTorino :$bEditrice S.A.I.E.,$c1965. 300 $a726 p. :$btav. ;$c24 cm 490 1 $aStoria della Chiesa ;$v13 650 4$aChiesa$xStoria$yMedioevo, 600-1500.$0(OLS)http://pul/subject/660 700 1 $aGieben, Servus,$cO.F.M.Cap.,$d1924-$0(OLS)http://pul/name/10842 700 1 $aGandillac, Maurice de.$0(OLS)http://pul/name/8390 700 1 $aSteenberghen, Fernand van,$d1904-$0(OLS)http://pul/name/339 700 0 $aCorrado da Alatri,$cO.F.M.Cap.$0(OLS)http://pul/name/10843 830 0$aStoria della Chiesa dalle origini fino ai giorni nostri (S.A.I.E.) ;$v13.$0(OLS)http://pul/title/1599 830 0$aStoria della Chiesa dalle origini fino ai giorni nostri (Fliche - Martin).$0(OLS)http://pul/title/166079 850 $aPUL 852 $aPUL$W1$xSL Cons. Gen., Altre Classi 1$y1$m1395 B 1.13$j128999$nBK-PRI$qStampati$B15889$CPULBib$Z2$F15889 $H33181 $81 941 1 $a8 983 0$aStoria della Chiesa (Berruti) 983 0$aStoria della Chiesa (Edizioni paoline) 983 0$aStoria della Chiesa (San Paolo) 996 $6245$aIl movimento dottrinale nei secoli IX-XIV$9(OLS)http://pul/title/16282 996 $6260$aTorino :$bEditrice S.A.I.E.$9(OLS)http://pul/publisher/48515